000 00415nam a2200145Ia 4500
008 220916s9999 xx 000 0 und d
020 _a9783642252396
100 _aVOGEL, H. GERHARD AND MAAS, JOCHEN
245 0 _aDRUG DISCOVERY AND EVALUATION SAFETY AND PHARMACOKINETIC ASSAYS VOL-2
250 _a2ND
260 _bSPRINGER REFERENCE, NEW YORK
_c2013
300 _a1401
650 _aPharmacology
942 _cBK
999 _c89683
_d89683